| 000 | 00885nas a2200301 4500 | ||
|---|---|---|---|
| 001 | BR9902145 | ||
| 003 | BR-BrBNA | ||
| 005 | 20231205101357.0 | ||
| 007 | ta | ||
| 008 | 230509b bl.|||p| |||| 00| 00por d | ||
| 040 |
_aBR-BrBNA _bpor _cBiblioteca Nacional de Agricultura |
||
| 041 | _a(Pt) | ||
| 072 | _aH60 | ||
| 100 | 1 | _aBarbosa, T.M.L. | |
| 100 | 1 | _aFerreira, F.A. | |
| 100 | 1 | _aSouza, I.F. de | |
| 100 | 1 | _aBarbosa, L.C. de A. | |
| 100 | 1 | _aCasali, V.W.D. | |
| 245 | 1 | _aCaracterizacao quimica e efeitos alelopaticos de exsudatos radiculares de plantulas de sorgo sobre alface | |
| 650 | _aSorgo | ||
| 650 | _aAlface | ||
| 650 | _aAlelopatia | ||
| 650 | _aAnalise Quimica | ||
| 650 | _aExsudato | ||
| 773 | 0 |
_tPlanta Daninha (Brazil) _xISSN 0100-8358 _g(1998), v. 16(2) p. 153-162 _wBR9902145 |
|
| 909 |
_a202311 _bLúcia _c55 _dLúcia Elande |
||
| 942 |
_2AGRIS _n0 _cANA |
||
| 999 |
_c161458 _d161458 |
||